Sports Quiz

Random Sports or Clickable Quiz

Complaining NFL fans Quiz Stats

 Plays Quiz not verified by Sporcle

Challenge
Share
Tweet
Embed
Score 0/17 Timer 05:00
0 Plays Today
% Correct
New England Patriots
66.7%
Buffalo Bills
56.8%
Buffalo Bills
55.9%
Denver Broncos
53.2%
Detroit Lions
53.2%
Minnesota Vikings
52.3%
New England Patriots
48.6%
Tampa Bay Buccaneers
46.8%
Houston Texans
42.3%
% Correct
Cleveland Browns
40.5%
Houston Texans
36%
Detroit Lions
32.4%
Miami Dolphins
29.7%
Seattle Seahawks
25.2%
New Orleans Saints
21.6%
St. Louis|Phoenix|Arizona Cardinals
15.3%
Baltimore|Indianapolis Colts
6.3%

You're not logged in!

Compare scores with friends on all Sporcle quizzes.
Join for Free
OR
Log In

You Might Also Like...

Show Comments

Extras

Created Mar 24, 2016ReportNominate
Tags:Clickable Quiz, NFL Quiz, fan, team

Top Quizzes Today


Score Distribution

Your Account Isn't Verified!

In order to create a playlist on Sporcle, you need to verify the email address you used during registration. Go to your Sporcle Settings to finish the process.

Report this User

Report this user for behavior that violates our Community Guidelines.

Details: